|
|
|
|
| LEADER |
00000nam a2200000 4500 |
| 001 |
vtls012077835 |
| 003 |
SK-MaSNL |
| 005 |
20260425234109.0 |
| 008 |
211118s2017 gw oc gr 000 0ager |
| 015 |
|
|
|a SNBZSA2023/08
|
| 020 |
|
|
|a 9783863310059
|q (viazané)
|
| 040 |
|
|
|a SNK
|b slo
|c SNK
|e rda
|
| 041 |
0 |
|
|a ger
|
| 043 |
|
|
|a e-hu---
|a e-xo---
|a e-pl---
|
| 044 |
|
|
|a gw
|c DE
|
| 072 |
|
7 |
|a 323
|x Vnútropolitický vývoj, politický život
|2 konspekt
|
| 072 |
|
7 |
|a 929
|x Biografie
|2 konspekt
|
| 080 |
|
|
|a 323.12"1939/1945"
|2 2011
|
| 080 |
|
|
|a 323.12"1939/1945"-053.15
|2 2011
|
| 080 |
|
|
|a (=411.16)-055.2
|2 2011
|
| 080 |
|
|
|a 94(100)"1939/1945"
|2 2011
|
| 080 |
|
|
|a 343.819.5
|2 2011
|
| 080 |
|
|
|a (439)
|2 2011
|
| 080 |
|
|
|a (437.6)
|2 2011
|
| 080 |
|
|
|a (438)
|2 2011
|
| 080 |
|
|
|a (0:82-94)
|2 2011
|
| 080 |
|
|
|a (048.8)
|2 2011
|
| 080 |
|
|
|a (=411.16)
|2 2011
|
| 100 |
1 |
|
|a Szepesi, Eva,
|d 1932-
|4 aut
|4 pht
|9 508332
|
| 245 |
1 |
4 |
|a Ein Mädchen allein auf der Flucht
|b Ungarn, Slowakei, Polen (1944-1945)
|c Eva Szepesi ; unter Mitarbeit und eingeleitet von Babette Quinkert
|
| 250 |
|
|
|a 4. Auflage
|
| 264 |
|
1 |
|a Berlin
|b Metropol
|c 2017
|
| 300 |
|
|
|a 157 strán
|b fotografie, mapy, portréty
|c 21 cm
|
| 336 |
|
|
|a text
|b txt
|2 rdacontent
|
| 337 |
|
|
|a bez média
|b n
|2 rdamedia
|
| 338 |
|
|
|a zväzok
|b nc
|2 rdacarrier
|
| 490 |
1 |
|
|a Bibliothek der Erinnerung
|v Band 22
|
| 648 |
|
7 |
|a 1944-1945
|2 SNKPH
|9 282693
|
| 650 |
0 |
7 |
|a holokaust (1939-1945)
|2 SNKPH
|9 160313
|
| 650 |
0 |
7 |
|a Holocaust (1939-1945)
|2 SNKPHeng
|9 164372
|
| 650 |
0 |
7 |
|a preživší holokaust
|2 SNKPH
|9 239153
|
| 650 |
0 |
7 |
|a Holocaust survivors
|2 SNKPHeng
|9 339333
|
| 650 |
0 |
7 |
|a druhá svetová vojna (1939-1945)
|2 SNKPH
|9 169657
|
| 650 |
0 |
7 |
|a koncentračné tábory
|2 SNKPH
|9 2654
|
| 650 |
0 |
7 |
|a World War (1939-1945)
|2 SNKPHeng
|9 284172
|
| 650 |
0 |
7 |
|a Concentration camps
|2 SNKPHeng
|9 314449
|
| 650 |
0 |
7 |
|a Židia
|2 SNKPH
|9 3760
|
| 650 |
0 |
7 |
|a Jews
|2 SNKPHeng
|9 267345
|
| 651 |
|
7 |
|a Maďarsko
|2 SNKPHgeo
|9 16754
|
| 651 |
|
7 |
|a Slovensko
|2 SNKPHgeo
|9 14231
|
| 651 |
|
7 |
|a Poľsko
|2 SNKPHgeo
|9 16755
|
| 651 |
|
7 |
|a Hungary
|2 SNKPHeng
|9 265263
|
| 651 |
|
7 |
|a Slovakia
|2 SNKPHeng
|9 92630
|
| 651 |
|
7 |
|a Poland
|2 SNKPHeng
|9 265193
|
| 655 |
|
7 |
|a autobiografické spomienky
|2 SNKPH
|9 70489
|
| 655 |
|
7 |
|a Autobiographical reminiscences
|2 SNKPHeng
|9 302514
|
| 655 |
|
7 |
|a Monographs
|2 SNKPHeng
|9 120675
|
| 655 |
|
7 |
|a monografie
|2 SNKPH
|9 70139
|
| 700 |
1 |
|
|a Quinkert, Babette,
|d 1963-
|4 ctb
|9 508333
|
| 830 |
|
0 |
|a Bibliothek der Erinnerung
|9 508334
|
| 852 |
|
|
|a Slovenská národná knižnica
|
| 919 |
|
|
|a 978-3-86331-005-9
|
| 954 |
|
|
|a odborná, vedecká literatúra cudzojazyčná (svetová)
|2 lita
|
| 958 |
|
|
|a ZS
|
| 958 |
|
|
|a BC
|
| 999 |
|
|
|c 784362
|d 786292
|
| 952 |
|
|
|a SNK
|b SNK
|y PREZ
|7 0
|p 17A1483236
|o snkSC 198204
|i snk2022/10348
|8 4
|g 17.28
|0 0
|1 0
|4 0
|d 2021-11-18
|l 0
|r 2025-10-20 00:00:00
|w 2026-02-24
|